Pays du néerlandais au français - Statistiques

Statistiques générales
  • Ce quiz a été pris 171 fois
    164 depuis la dernière actualisation
  • Le résultat moyen est 15 sur 16
Statistiques - réponses
Pays en néerlandais Et en français % Correct
Zuid-Afrika Afrique du Sud
99%
Denemarken Danemark
99%
Spanje Espagne
99%
Frankrijk France
99%
Noorwegen Norvège
99%
Polen Pologne
99%
Turkije Turquie
99%
Duitsland Allemagne
98%
Tsjechië Republiqué Tchèque
96%
Verenigde Staten États-Unis
93%
Verenigde Arabische Emiraten Emirats Arabes Unis
91%
Griekenland Grece
87%
Letland Lettonie
87%
Verenigd Koninkrijk Royaume-Uni
77%
Ivoorkust Côte d'Ivoire
73%
Wit-Rusland Biélorussie
71%
Aucun quiz correspondant
Distribution des résultats
% des personnes avec chaque résultat
Percentile par nombre de réponses
Votre historique - résultats
Vous n’avez pas pris ce quiz depuis la dernière actualisation